| 000 | 00485nam a22001577a 4500 | ||
|---|---|---|---|
| 999 |
_c330104 _d330104 |
||
| 003 | NUST | ||
| 005 | 20170608114855.0 | ||
| 008 | 170405b xxu||||| |||| 00| 0 eng d | ||
| 020 | _a9788178847160 | ||
| 040 | _cDLC | ||
| 082 | _a551.498 NOO | ||
| 100 | _4Noor, M. | ||
| 245 |
_aExploitation of Groundwater and their Effects _cM.Noor |
||
| 260 |
_aNew Delhi _bCyber Tech publications _c2011 |
||
| 300 | _a262p. | ||
| 500 | _aH.B | ||
| 942 |
_2ddc _cBK _k551.498 NOO |
||